UM Logo

Police personnel and records management/ (Record no. 3710)

MARC details
000 -LEADER
fixed length control field 00593nam a22001817a 4500
008 - FIXED-LENGTH DATA ELEMENTS--GENERAL INFORMATION
fixed length control field 160123b xxu||||| |||| 00| 0 eng d
020 ## - INTERNATIONAL STANDARD BOOK NUMBER
International Standard Book Number 978-971-9617-86-0
082 ## - DEWEY DECIMAL CLASSIFICATION NUMBER
Edition number 2016
Classification number DFil 363.22
Item number B14p
100 ## - MAIN ENTRY--PERSONAL NAME
9 (RLIN) 12350
Personal name Badua, Jonah Barayuga.
245 ## - TITLE STATEMENT
Title Police personnel and records management/
Statement of responsibility, etc. Jonah Barayuga Badua
250 ## - EDITION STATEMENT
Edition statement Second Edition
260 ## - PUBLICATION, DISTRIBUTION, ETC. (IMPRINT)
Place of publication, distribution, etc. Quezon City :
Name of publisher, distributor, etc. Wiseman's Books Trading Inc.,
Date of publication, distribution, etc. c2016.
300 ## - PHYSICAL DESCRIPTION
Extent iv, 216 pages ;
Dimensions 22 cm.
500 ## - GENERAL NOTE
General note Includes references.
650 #0 - SUBJECT ADDED ENTRY--TOPICAL TERM
9 (RLIN) 12351
Topical term or geographic name as entry element Police
General subdivision Personnel management.
365 ## - TRADE PRICE
Price amount 398.00
Currency code Php
942 ## - ADDED ENTRY ELEMENTS (KOHA)
Source of classification or shelving scheme Dewey Decimal Classification
Koha item type Filipiniana
Holdings
Withdrawn status Lost status Source of classification or shelving scheme Damaged status Not for loan Collection code Home library Current library Shelving location Date acquired Source of acquisition Total Checkouts Full call number Barcode Date last seen Date last checked out Copy number Cost, replacement price Price effective from Koha item type
    Dewey Decimal Classification     Filipiniana UM Digos College - LIC UM Digos College - LIC Book Cart 07/25/2016 Purchased 9 DFil 363.22 B14p 2016 24229 05/15/2025 04/28/2018 1 398.00 08/05/2016 Filipiniana
    Dewey Decimal Classification     Filipiniana UM Digos College - LIC UM Digos College - LIC Book Cart 07/25/2016 Purchased 1 DFil 363.22 B14p 2016 24230 05/15/2025 06/22/2019 2 398.00 08/05/2016 Filipiniana
    Dewey Decimal Classification     Filipiniana UM Digos College - LIC UM Digos College - LIC Book Cart 07/25/2016 Purchased 8 DFil 363.22 B14p 2016 24231 05/15/2025 03/27/2023 3 398.00 08/05/2016 Filipiniana
    Dewey Decimal Classification     Filipiniana UM Digos College - LIC UM Digos College - LIC   07/25/2016 Purchased   DFil 363.22 B14p 2016 24232 08/05/2016   4 398.00 08/05/2016 Filipiniana
    Dewey Decimal Classification     Filipiniana UM Digos College - LIC UM Digos College - LIC Book Cart 07/25/2016 Purchased 9 DFil 363.22 B14p 2016 24233 05/15/2025 04/04/2023 5 398.00 08/05/2016 Filipiniana